History of the theatre

में बचाया:
ग्रंथसूची विवरण
मुख्य लेखक: Brockett, Oscar G (लेखक)
स्वरूप: पुस्तक
भाषा:अंग्रेज़ी
प्रकाशित: Boston Allyn and Bacon 1974
संस्करण:2a. ed
विषय:
टैग: टैग जोड़ें
कोई टैग नहीं, इस रिकॉर्ड को टैग करने वाले पहले व्यक्ति बनें!

MARC

LEADER 00000nam a2200000 a 4500
001 UCU4933
003 CL-VaPUC
008 960531e19740000US |||||||||||||||||eng|d
082 0 4 |a 792.09  |b BRO  |2 21 
100 0 |a Brockett, Oscar G  |e author  |9 362683 
245 1 0 |a History of the theatre 
250 |a 2a. ed 
300 |a 680 p 
942 |c BK 
945 |d 19960531 00:00:00  |a rleighto 
260 |a Boston  |b Allyn and Bacon  |c 1974 
650 0 |a Teatro  |9 265385 
650 0 |a Historia  |9 255047 
650 0 |a Drama  |9 265034 
650 7 |a TEATRO GRIEGO  |2 CL-VaPUC  |9 362684 
650 7 |a TEATRO ROMANO  |2 CL-VaPUC  |9 362573 
650 0 |a Teatro inglés  |9 265744 
650 0 |a Teatro español  |9 265077 
650 0 |a Teatro francés  |9 265089 
583 |a last modification  |c 19960531 00:00:00  |k Rodrigo Vera 
999 |c 248457  |d 248455 
952 |0 0  |1 0  |4 0  |6 792_090000000000000_BRO_1974  |7 0  |8 A  |9 265082  |a BIBEDU  |b BIBEDU  |d 2019-11-19  |i 3205487  |o 792.09 BRO 1974  |p 3205487  |r 2019-11-19  |w 2019-11-19  |y BK  |k LIT